Central Library OPAC University of Rajshahi

Sarojini Naidu : (Record no. 23802)

MARC details
000 -LEADER
fixed length control field 00722nam a2200229 a 4500
001 - CONTROL NUMBER
control field 23802
003 - CONTROL NUMBER IDENTIFIER
rucl marc code BD-RjUL
005 - DATE AND TIME OF LATEST TRANSACTION
control field 20211209000955.0
008 - FIXED-LENGTH DATA ELEMENTS--GENERAL INFORMATION
fixed length control field 140311s1966 nyu b 001 0 eng d
035 ## - SYSTEM CONTROL NUMBER
System control number (BD-RjUL)23867
040 ## - CATALOGING SOURCE
Original cataloging agency ANL
Language of cataloging eng
Transcribing agency ANL
Modifying agency BD-RjUL
041 ## - LANGUAGE CODE
Language code of text/sound track or separate title eng
082 04 - DEWEY DECIMAL CLASSIFICATION NUMBER
Classification number 954.0350924
Author mark and year SES 1966
100 1# - MAIN ENTRY--PERSONAL NAME
Personal name Sengupta, Padmini,
Dates associated with a name 1905-
9 (RLIN) 73300
245 10 - TITLE STATEMENT
Title Sarojini Naidu :
Remainder of title a biography /
Statement of responsibility, etc. by Padmini Sengupta.
260 ## - PUBLICATION, DISTRIBUTION, ETC. (IMPRINT)
Place of publication, distribution, etc. New York :
Name of publisher, distributor, etc. Asia Publishing House,
Date of publication, distribution, etc. 1966.
300 ## - PHYSICAL DESCRIPTION
Pagination xi, 359. p. :
Illustrations front., 12 plates (incl. ports. facsims.) ;
Size 22 cm.
504 ## - BIBLIOGRAPHY, ETC. NOTE
Bibliography, etc Bibliography: p. 349-352. and index.
600 10 - SUBJECT ADDED ENTRY--PERSONAL NAME
Personal name Naidu, Sarojini,
Dates associated with a name 1879-1949.
942 ## - ADDED ENTRY ELEMENTS (KOHA)
Source of classification or shelving scheme Dewey Decimal Classification
Koha item type Books
Holdings
Lost status Source of classification or shelving scheme Damaged status Not for loan Collection code Permanent Location Current Location Shelving location Date acquired Source of acquisition Cost, normal purchase price Total Checkouts Full call number Date last seen Copy number Koha item type
  Dewey Decimal Classification   Added to bundle Non-fiction Central Library, University of Rajshahi Central Library, University of Rajshahi Reading Room 29/06/1970 Zeitlinger. 60.00   954.0350924 SES 1966 11/03/2014 C-1 Books